000 00577nam a22001817a 4500
005 20251108172545.0
008 250721s9999 xx 000 0 ara d
082 1 4 _a819/منص
100 1 _aالمنصور، محمد مصطفى
245 1 0 _aصور من النثر الفني في عصري صدر الإسلام وبني أمية /
264 1 _aالقاهرة :
_bدار غريب للنشر،
300 _a127 ص
650 1 7 _aالنثر العربي
650 1 7 _aالأدب العربي
650 1 7 _aالعصر الأموي
942 _2ddc
_cBK
999 _c82436
_d82436